[Event "Titled Tuesday intern op 02nd Apr Early"]
[Site "Chess.com INT"]
[Date "2024.04.02"]
[Round "1"]
[White "Baladjaev, Gara"]
[Black "Barp, Alberto"]
[Result "0-1"]
[WhiteElo "2404"]
[BlackElo "2470"]
[PlyCount "70"]
[EventDate "2024.04.02"]
[EventType "swiss (blitz)"]
[EventRounds "11"]
[EventCountry "USA"]
[SourceTitle "CB15_2024"]
[SourceDate "2024.04.10"]
[SourceVersion "1"]
[SourceVersionDate "2024.04.10"]
[SourceQuality "1"]

1. d4 Nf6 2. c4 e6 3. Nf3 c5 4. d5 b5 5. dxe6 fxe6 6. cxb5 d5 7. g3 Bd6 8. Bg2 0-0 9. 0-0 a6 10. b6 Qxb6 11. a4 Bb7 12. Nc3 Nc6 13. Bg5 Rad8 14. Qc1 h6 15. Bxf6 Rxf6 16. e4 Ne5 17. Nxe5 Bxe5 18. exd5 exd5 19. a5 Qc7 20. Rd1 Qf7 21. f4 Bd4+ 22. Kh1 Re6 23. Re1 Rde8 24. Qd2 Be3 25. Qc2 d4 26. Na4 Bxg2+ 27. Qxg2 c4 28. Qd5 Bxf4 29. Rxe6 Rxe6 30. Qa8+ Re8 31. Qf3 Be5 32. Qxf7+ Kxf7 33. Nc5 d3 34. Nxa6 d2 35. Rd1 Bf4 0-1

[Event "Titled Tuesday intern op 02nd Apr Early"]
[Site "Chess.com INT"]
[Date "2024.04.02"]
[Round "5"]
[White "Baladjaev, Gara"]
[Black "Rosenberg, Evan"]
[Result "1-0"]
[WhiteElo "2404"]
[BlackElo "1989"]
[PlyCount "110"]
[EventDate "2024.04.02"]
[EventType "swiss (blitz)"]
[EventRounds "11"]
[EventCountry "USA"]
[SourceTitle "CB15_2024"]
[SourceDate "2024.04.10"]
[SourceVersion "1"]
[SourceVersionDate "2024.04.10"]
[SourceQuality "1"]

1. d4 d5 2. c4 e6 3. Nf3 a6 4. g3 dxc4 5. Bg2 Nc6 6. 0-0 Rb8 7. Qc2 b5 8. Rd1 Bb7 9. e4 Nb4 10. Qe2 Nd3 11. Be3 Bxe4 12. Nc3 Ba8 13. d5 Nf6 14. dxe6 fxe6 15. Ba7 Rc8 16. Qxe6+ Be7 17. Ne5 Rf8 18. Bh3 Bb7 19. Nc6 Bxc6 20. Qxc6+ Kf7 21. Qe6+ Kg6 22. Bf5+ Kh6 23. Be3+ g5 24. h4 Qd6 25. hxg5+ Kg7 26. gxf6+ Bxf6 27. Qxd6 cxd6 28. Bxc8 Rxc8 29. Rd2 Nxb2 30. Bd4 Bxd4 31. Rxd4 b4 32. Ne4 c3 33. Rc1 a5 34. Nxd6 Rc6 35. Ne4 Nc4 36. Rc2 Nb6 37. Rd6 Rxd6 38. Nxd6 Nd5 39. Nf5+ Kf6 40. Ne3 Nxe3 41. fxe3 Ke5 42. Kf2 Kd5 43. Ke2 Kc4 44. e4 a4 45. e5 Kd5 46. Kd3 Kxe5 47. Kc4 Kf5 48. Kxb4 Kg4 49. Rxc3 a3 50. Kxa3 h5 51. Kb4 h4 52. gxh4 Kxh4 53. a4 Kg5 54. a5 Kf6 55. a6 Ke7 1-0

[Event "Titled Tuesday intern op 02nd Apr Early"]
[Site "Chess.com INT"]
[Date "2024.04.02"]
[Round "9"]
[White "Baladjaev, Gara"]
[Black "Valle Luis, Leo"]
[Result "0-1"]
[WhiteElo "2404"]
[BlackElo "2235"]
[PlyCount "66"]
[EventDate "2024.04.02"]
[EventType "swiss (blitz)"]
[EventRounds "11"]
[EventCountry "USA"]
[SourceTitle "CB15_2024"]
[SourceDate "2024.04.10"]
[SourceVersion "1"]
[SourceVersionDate "2024.04.10"]
[SourceQuality "1"]

1. d4 Nf6 2. c4 e6 3. Nf3 c5 4. d5 exd5 5. cxd5 d6 6. Nc3 g6 7. a4 Bg7 8. e4 0-0 9. Be2 Re8 10. Nd2 Na6 11. 0-0 Nb4 12. h3 a6 13. f4 Rb8 14. a5 Bd7 15. Nc4 Bb5 16. Nxb5 axb5 17. Nxd6 Qxd6 18. e5 Qd7 19. exf6 Bxf6 20. Bf3 Bd4+ 21. Kh1 Nxd5 22. f5 Ne3 23. Bxe3 Rxe3 24. fxg6 hxg6 25. a6 bxa6 26. Rxa6 Kg7 27. Qa1 Rh8 28. Kh2 Qc7+ 29. Kh1 Qg3 30. Bg4 Qxg4 31. Rxf7+ Kh6 32. hxg4 Kg5+ 33. Kg1 Re1# 0-1

[Event "Titled Tuesday intern op 02nd Apr Early"]
[Site "Chess.com INT"]
[Date "2024.04.02"]
[Round "11"]
[White "Bueno, Alfeu Varela Jr"]
[Black "Baladjaev, Gara"]
[Result "1-0"]
[WhiteElo "2140"]
[BlackElo "2404"]
[PlyCount "115"]
[EventDate "2024.04.02"]
[EventType "swiss (blitz)"]
[EventRounds "11"]
[EventCountry "USA"]
[SourceTitle "CB15_2024"]
[SourceDate "2024.04.10"]
[SourceVersion "1"]
[SourceVersionDate "2024.04.10"]
[SourceQuality "1"]

1. e4 c5 2. Nc3 Nc6 3. f4 g6 4. Nf3 Bg7 5. Bb5 e6 6. Bxc6 dxc6 7. d3 Ne7 8. 0-0 0-0 9. Qe1 b6 10. Qh4 Bb7 11. f5 exf5 12. Bh6 fxe4 13. Ng5 Nf5 14. Rxf5 gxf5 15. Bxg7 Kxg7 16. Qxh7+ Kf6 17. Rf1 Qd4+ 18. Kh1 Bc8 19. Ncxe4+ Ke7 20. Re1 Be6 21. Nxc5 Qxc5 22. Rxe6+ Kd7 23. Rf6 Rae8 24. Nf3 Qe7 25. Qxf5+ Kd8 26. Rxc6 Qe1+ 27. Ng1 Qe5 28. Qc8+ Ke7 29. Rc7+ Kf6 30. Qb7 Qe6 31. Rc6 Qxc6 32. Qxc6+ Re6 33. Qc3+ Ke7 34. Nf3 Re8 35. h3 Kf8 36. Qh8+ Ke7 37. Qh4+ Kd7 38. Qa4+ Ke7 39. Qxa7+ Kf8 40. a4 R8e7 41. Qb8+ Kg7 42. b4 Re2 43. Qxb6 Rxc2 44. Qd4+ Kh7 45. Qh4+ Kg7 46. Qxe7 Rc1+ 47. Kh2 Rc2 48. Qe5+ f6 49. Qd4 Kf7 50. Qg4 Ke7 51. Qe4+ Kf7 52. d4 Kg7 53. Qg4+ Kf7 54. Nh4 Kf8 55. Nf5 Kf7 56. d5 Ke8 57. Qg7 Rc4 58. Qe7# 1-0

[Event "Titled Tuesday intern op 02nd Apr Early"]
[Site "Chess.com INT"]
[Date "2024.04.02"]
[Round "10"]
[White "Chernov, Alexander A"]
[Black "Baladjaev, Gara"]
[Result "1-0"]
[WhiteElo "2314"]
[BlackElo "2404"]
[PlyCount "65"]
[EventDate "2024.04.02"]
[EventType "swiss (blitz)"]
[EventRounds "11"]
[EventCountry "USA"]
[SourceTitle "CB15_2024"]
[SourceDate "2024.04.10"]
[SourceVersion "1"]
[SourceVersionDate "2024.04.10"]
[SourceQuality "1"]

1. d4 Nf6 2. Nc3 d5 3. Bg5 c6 4. e3 Bf5 5. Bxf6 exf6 6. Bd3 Bxd3 7. Qxd3 Be7 8. 0-0-0 0-0 9. e4 dxe4 10. Nxe4 Nd7 11. Nf3 Nb6 12. Kb1 Nd5 13. g3 a5 14. h4 a4 15. c4 Nb4 16. Qd2 Qd7 17. h5 Qf5 18. Qf4 Qxf4 19. gxf4 h6 20. d5 cxd5 21. cxd5 f5 22. Ng3 Bd6 23. Nxf5 Bxf4 24. Rd4 g6 25. Ne7+ Kg7 26. Rxf4 Nd3 27. Rd4 Nxf2 28. Rh2 Kf6 29. d6 b5 30. Rxf2 Ke6 31. Re2+ Kd7 32. Ne5+ Ke6 33. N5xg6+ 1-0

[Event "Titled Tuesday intern op 02nd Apr Late"]
[Site "Chess.com INT"]
[Date "2024.04.02"]
[Round "2"]
[White "Goncalves, Samuel Jesus P"]
[Black "Baladjaev, Gara"]
[Result "1-0"]
[WhiteElo "2190"]
[BlackElo "2404"]
[PlyCount "75"]
[EventDate "2024.04.02"]
[EventType "swiss (blitz)"]
[EventRounds "11"]
[EventCountry "USA"]
[SourceTitle "CB15_2024"]
[SourceDate "2024.04.10"]
[SourceVersion "1"]
[SourceVersionDate "2024.04.10"]
[SourceQuality "1"]

1. Nf3 Nf6 2. g3 b6 3. Bg2 Bb7 4. 0-0 c5 5. b3 g6 6. Bb2 Bg7 7. c4 0-0 8. d4 cxd4 9. Qxd4 Nc6 10. Qf4 Qb8 11. Ne5 Nxe5 12. Bxe5 d6 13. Bb2 Bxg2 14. Kxg2 Qb7+ 15. f3 Nd5 16. Qd2 Bxb2 17. Qxb2 Ne3+ 18. Kf2 Nxf1 19. Kxf1 d5 20. Nd2 dxc4 21. Nxc4 f6 22. Qd2 Rad8 23. Qe3 e5 24. Rc1 Qd5 25. Kg2 Rf7 26. Rc2 Kg7 27. Rd2 Qa8 28. Rc2 Rfd7 29. h4 h5 30. a4 Rd1 31. Nxe5 fxe5 32. Qxe5+ Kh7 33. Qe7+ Kg8 34. Rc7 R8d7 35. Qe6+ Kg7 36. Rxd7+ Rxd7 37. Qxd7+ Kg8 38. g4 1-0

[Event "Titled Tuesday intern op 02nd Apr Late"]
[Site "Chess.com INT"]
[Date "2024.04.02"]
[Round "3"]
[White "Veiga, Jose Francisco RP"]
[Black "Baladjaev, Gara"]
[Result "1-0"]
[WhiteElo "2378"]
[BlackElo "2404"]
[PlyCount "67"]
[EventDate "2024.04.02"]
[EventType "swiss (blitz)"]
[EventRounds "11"]
[EventCountry "USA"]
[SourceTitle "CB15_2024"]
[SourceDate "2024.04.10"]
[SourceVersion "1"]
[SourceVersionDate "2024.04.10"]
[SourceQuality "1"]

1. e4 c5 2. Nf3 d6 3. d4 cxd4 4. Nxd4 Nf6 5. Nc3 a6 6. Bg5 Nbd7 7. f4 e6 8. Qf3 h6 9. Bh4 g5 10. fxg5 hxg5 11. Bxg5 Be7 12. 0-0-0 Ne5 13. Qe2 Qc7 14. Nf3 Bd7 15. Nxe5 dxe5 16. Kb1 0-0-0 17. Bxf6 Bxf6 18. Qf2 Rh6 19. Qa7 Bc6 20. Be2 Rd4 21. Bf3 Qd6 22. Qa8+ Qb8 23. Qxb8+ Kxb8 24. h3 Rh8 25. Rhf1 Bg7 26. Ne2 Rxd1+ 27. Rxd1 Kc7 28. Nc1 f5 29. Re1 Rh4 30. exf5 Bxf3 31. gxf3 exf5 32. Nd3 Rxh3 33. Kc1 Kd6 34. Rd1 1-0

[Event "Tula"]
[Site "Tula"]
[Date "2018.04.15"]
[Round "13"]
[White "Baladjaev, Gara"]
[Black "Gusev, Aleksey"]
[Result "1/2-1/2"]
[WhiteElo "2366"]
[BlackElo "2368"]
[PlyCount "33"]
[EventDate "2018.04.09"]
[EventType "tourn"]
[EventRounds "13"]
[EventCountry "RUS"]
[EventCategory "2"]
[SourceTitle "CBM 184 Extra"]
[Source "ChessBase"]
[SourceDate "2018.06.28"]
[SourceVersion "1"]
[SourceVersionDate "2018.06.28"]
[SourceQuality "1"]

1. d4 d5 2. c4 c6 3. Nf3 Nf6 4. e3 Bg4 5. cxd5 Bxf3 6. Qxf3 cxd5 7. Nc3 Nc6 8. Bd3 e6 9. 0-0 Be7 10. Bd2 0-0 11. Rfc1 Rc8 12. Qd1 Nd7 13. Be1 a6 14. Ne2 g6 15. Rc2 Nb6 16. Rac1 Nb4 17. Rxc8 1/2-1/2

[Event "Tula"]
[Site "Tula"]
[Date "2018.04.15"]
[Round "12"]
[White "Domogaev, Sergey"]
[Black "Baladjaev, Gara"]
[Result "1/2-1/2"]
[WhiteElo "2398"]
[BlackElo "2366"]
[PlyCount "35"]
[EventDate "2018.04.09"]
[EventType "tourn"]
[EventRounds "13"]
[EventCountry "RUS"]
[EventCategory "2"]
[SourceTitle "CBM 184 Extra"]
[Source "ChessBase"]
[SourceDate "2018.06.28"]
[SourceVersion "1"]
[SourceVersionDate "2018.06.28"]
[SourceQuality "1"]

1. e4 e5 2. Nf3 Nc6 3. d4 exd4 4. Nxd4 Nf6 5. Nc3 Bb4 6. Nxc6 bxc6 7. Bd3 d5 8. exd5 cxd5 9. 0-0 0-0 10. Bg5 c6 11. Na4 h6 12. Bh4 Re8 13. c4 Bd6 14. Rc1 Bf4 15. Rc2 Qd6 16. Bg3 Bxg3 17. hxg3 Bg4 18. Qc1 1/2-1/2

[Event "Tula"]
[Site "Tula"]
[Date "2018.04.14"]
[Round "11"]
[White "Baladjaev, Gara"]
[Black "Ismayilov, Ganjali"]
[Result "1/2-1/2"]
[WhiteElo "2366"]
[BlackElo "2406"]
[PlyCount "26"]
[EventDate "2018.04.09"]
[EventType "tourn"]
[EventRounds "13"]
[EventCountry "RUS"]
[EventCategory "2"]
[SourceTitle "CBM 184 Extra"]
[Source "ChessBase"]
[SourceDate "2018.06.28"]
[SourceVersion "1"]
[SourceVersionDate "2018.06.28"]
[SourceQuality "1"]

1. d4 Nf6 2. c4 g6 3. Nc3 Bg7 4. Nf3 0-0 5. e4 d6 6. Be2 e5 7. dxe5 dxe5 8. Qxd8 Rxd8 9. Bg5 Re8 10. Nd5 Nxd5 11. cxd5 c6 12. Bc4 cxd5 13. Bxd5 Na6 1/2-1/2

[Event "Tula"]
[Site "Tula"]
[Date "2018.04.14"]
[Round "10"]
[White "Moiseev, Viktor"]
[Black "Baladjaev, Gara"]
[Result "1/2-1/2"]
[WhiteElo "2405"]
[BlackElo "2366"]
[PlyCount "57"]
[EventDate "2018.04.09"]
[EventType "tourn"]
[EventRounds "13"]
[EventCountry "RUS"]
[EventCategory "2"]
[SourceTitle "CBM 184 Extra"]
[Source "ChessBase"]
[SourceDate "2018.06.28"]
[SourceVersion "1"]
[SourceVersionDate "2018.06.28"]
[SourceQuality "1"]

1. e4 c5 2. c3 Nf6 3. e5 Nd5 4. d4 cxd4 5. Nf3 Nc6 6. Bc4 Nb6 7. Bb3 d5 8. exd6 Qxd6 9. 0-0 Be6 10. Bxe6 Qxe6 11. Nxd4 Nxd4 12. Qxd4 Rd8 13. Qh4 h5 14. h3 Qc4 15. Qxc4 Nxc4 16. b3 Nd6 17. c4 Nf5 18. Nc3 e6 19. Bb2 Be7 20. Rfd1 Bf6 21. Rxd8+ Kxd8 22. Rd1+ Kc8 23. Na4 Bxb2 24. Nxb2 Kc7 25. g3 g5 26. Kg2 h4 27. g4 Ne7 28. Kf3 Ng6 29. Nd3 1/2-1/2

[Event "Tula"]
[Site "Tula"]
[Date "2018.04.13"]
[Round "8"]
[White "Shkurkin, Andrey"]
[Black "Baladjaev, Gara"]
[Result "0-1"]
[WhiteElo "2238"]
[BlackElo "2366"]
[PlyCount "74"]
[EventDate "2018.04.09"]
[EventType "tourn"]
[EventRounds "13"]
[EventCountry "RUS"]
[EventCategory "2"]
[SourceTitle "CBM 184 Extra"]
[Source "ChessBase"]
[SourceDate "2018.06.28"]
[SourceVersion "1"]
[SourceVersionDate "2018.06.28"]
[SourceQuality "1"]

1. d4 Nf6 2. c4 g6 3. Nc3 Bg7 4. e4 d6 5. f4 0-0 6. Nf3 c5 7. d5 e6 8. Be2 exd5 9. cxd5 Bg4 10. e5 dxe5 11. fxe5 Nfd7 12. e6 Bxf3 13. Bxf3 Ne5 14. 0-0 fxe6 15. Be4 Rxf1+ 16. Qxf1 Ng4 17. g3 Bxc3 18. bxc3 exd5 19. Bg2 Nc6 20. h3 Nge5 21. Rb1 Qd7 22. Bh6 Nf7 23. Bf4 Re8 24. Rd1 Ne7 25. c4 d4 26. h4 b6 27. Qf3 Kg7 28. Kh2 Nf5 29. Bh3 Qe6 30. Rd2 Qe4 31. Qf2 Ne5 32. Bxe5+ Rxe5 33. Bg2 Qe1 34. Qxe1 Rxe1 35. Bd5 Ne3 36. Be6 Kf6 37. Bg8 h5 0-1

[Event "Tula"]
[Site "Tula"]
[Date "2018.04.09"]
[Round "1"]
[White "Garayev, Murad"]
[Black "Baladjaev, Gara"]
[Result "1/2-1/2"]
[WhiteElo "2289"]
[BlackElo "2366"]
[PlyCount "32"]
[EventDate "2018.04.09"]
[EventType "tourn"]
[EventRounds "13"]
[EventCountry "RUS"]
[EventCategory "2"]
[SourceTitle "CBM 184 Extra"]
[Source "ChessBase"]
[SourceDate "2018.06.28"]
[SourceVersion "1"]
[SourceVersionDate "2018.06.28"]
[SourceQuality "1"]

1. d4 d5 2. c4 dxc4 3. e3 e5 4. Bxc4 exd4 5. Nf3 Bb4+ 6. Bd2 Bxd2+ 7. Qxd2 Nf6 8. exd4 0-0 9. 0-0 Be6 10. Bxe6 fxe6 11. Nc3 Nc6 12. Rfe1 Qd6 13. Rad1 Rad8 14. Qd3 a6 15. h3 Rfe8 16. a3 Qf4 1/2-1/2

[Event "Krasnograd Christmas op"]
[Site "Krasnograd"]
[Date "2018.01.17"]
[Round "5"]
[White "Baladjaev, Gara"]
[Black "Bedia, Melor"]
[Result "0-1"]
[WhiteElo "2310"]
[BlackElo "2438"]
[PlyCount "62"]
[EventDate "2018.01.15"]
[EventType "swiss"]
[EventRounds "9"]
[EventCountry "UKR"]
[SourceTitle "CBM 182 Extra"]
[Source "ChessBase"]
[SourceDate "2018.02.23"]
[SourceVersion "1"]
[SourceVersionDate "2018.02.23"]
[SourceQuality "1"]

1. e4 e5 2. Nf3 Nc6 3. Bb5 Nf6 4. d3 Bc5 5. Bxc6 dxc6 6. 0-0 Nd7 7. Be3 Bd6 8. Nbd2 0-0 9. Nc4 f6 10. a4 Qe7 11. Nh4 g6 12. Qg4 Nb6 13. Nf5 Qg7 14. Bh6 Bxf5 15. Qh4 Qd7 16. Nxd6 cxd6 17. Bxf8 Rxf8 18. exf5 gxf5 19. b3 Nd5 20. g3 Kh8 21. f4 Rg8 22. Kh1 Rg4 23. Qh3 Ne3 24. Rf2 Qe6 25. c4 d5 26. Re1 d4 27. Rf3 c5 28. Qh6 Qc6 29. Kg1 exf4 30. Kf2 Rxg3 31. Qh5 Rg2# 0-1

[Event "Krasnograd Christmas op"]
[Site "Krasnograd"]
[Date "2018.01.16"]
[Round "2"]
[White "Yushinov, Nikolay"]
[Black "Baladjaev, Gara"]
[Result "0-1"]
[WhiteElo "2220"]
[BlackElo "2310"]
[PlyCount "102"]
[EventDate "2018.01.15"]
[EventType "swiss"]
[EventRounds "9"]
[EventCountry "UKR"]
[SourceTitle "CBM 182 Extra"]
[Source "ChessBase"]
[SourceDate "2018.02.23"]
[SourceVersion "1"]
[SourceVersionDate "2018.02.23"]
[SourceQuality "1"]

1. d4 Nf6 2. c4 g6 3. g3 Bg7 4. Bg2 0-0 5. Nf3 d6 6. 0-0 Nc6 7. Nc3 e5 8. d5 Ne7 9. e4 Nd7 10. Ne1 f5 11. Nd3 Nf6 12. exf5 gxf5 13. f4 e4 14. Nf2 c6 15. dxc6 bxc6 16. Be3 Be6 17. b3 Qc7 18. Qc2 Rad8 19. Rfd1 Kh8 20. Rac1 Qb7 21. Ne2 Rg8 22. Nd4 Bf7 23. Rd2 c5 24. Nb5 Qc6 25. Nc3 d5 26. cxd5 Nexd5 27. Nxd5 Nxd5 28. Re2 Nxe3 29. Rxe3 Bd4 30. Re2 Qb6 31. Kh1 Rge8 32. Nd1 c4 33. bxc4 Rc8 34. Qb3 Qc5 35. Bf1 Bxc4 36. Qa4 Bxe2 37. Rxc5 Bf3+ 38. Bg2 Bxc5 39. h4 Bg4 40. Kh2 e3 41. Qb3 Bd4 42. Nxe3 Rxe3 43. Qb7 Rce8 44. Qd7 Bg7 45. Qxa7 Re2 46. Kh1 Rb2 47. Qa5 h6 48. a4 Ree2 49. h5 Rb1+ 50. Kh2 Bf3 51. Qd8+ Kh7 0-1

[Event "Zolochiv Autumn 4th"]
[Site "Zolochiv"]
[Date "2017.10.31"]
[Round "1"]
[White "Malikhin, Evgeni"]
[Black "Baladjaev, Gara"]
[Result "0-1"]
[WhiteElo "1816"]
[BlackElo "2196"]
[PlyCount "36"]
[EventDate "2017.10.31"]
[EventType "swiss"]
[EventRounds "9"]
[EventCountry "UKR"]
[SourceTitle "EXT 2019"]
[Source "ChessBase"]
[SourceDate "2018.10.10"]
[SourceVersion "1"]
[SourceVersionDate "2018.10.10"]
[SourceQuality "1"]

1. d4 Nf6 2. Nc3 d5 3. Bf4 c6 4. Nf3 Bf5 5. Qd2 e6 6. 0-0-0 b5 7. h3 b4 8. Nb1 c5 9. g4 Be4 10. Bg2 Nc6 11. g5 Nh5 12. Bh2 Rc8 13. Rhg1 b3 14. axb3 Bxc2 15. Qxc2 Nb4 16. Qd2 cxd4+ 17. Nc3 dxc3 18. bxc3 Rxc3+ 0-1

[Event "Efremov Pechenov Memorial"]
[Site "Efremov"]
[Date "2017.04.29"]
[Round "13"]
[White "Baladjaev, Gara"]
[Black "Moiseenko, Vladimir"]
[Result "1-0"]
[WhiteElo "1968"]
[BlackElo "2243"]
[PlyCount "107"]
[EventDate "2017.04.22"]
[EventType "tourn"]
[EventRounds "13"]
[EventCountry "RUS"]
[EventCategory "2"]
[SourceTitle "CBM 178 Extra"]
[Source "ChessBase"]
[SourceDate "2017.06.22"]
[SourceVersion "1"]
[SourceVersionDate "2017.06.22"]
[SourceQuality "1"]

1. e4 e6 2. d4 d5 3. Nc3 Bb4 4. e5 c5 5. a3 Bxc3+ 6. bxc3 Ne7 7. Qg4 Qc7 8. Qxg7 Rg8 9. Qxh7 cxd4 10. Ne2 Nbc6 11. f4 dxc3 12. Qd3 Bd7 13. Rb1 Nf5 14. g3 d4 15. Bg2 0-0-0 16. Be4 Kb8 17. Kf2 Bc8 18. h4 b6 19. Kf3 Bb7 20. g4 f6 21. exf6 Nd6 22. Ng3 Nxe4 23. Nxe4 Qh7 24. Rb5 Rxg4 25. Kxg4 Nb4 26. Ng5 Nxd3 27. Nxh7 Nf2+ 28. Kh5 Nxh1 29. f7 Ng3+ 30. Kh6 Be4 31. f8Q Rxf8 32. Nxf8 Bxc2 33. Nxe6 d3 34. Rd5 Ne4 35. Nd4 Nf6 36. Rd8+ Kc7 37. Ne6+ Kb7 38. Ng5 Kc6 39. Nf3 Nd5 40. Nd4+ Kc5 41. Nxc2 d2 42. Bxd2 cxd2 43. Rxd5+ Kxd5 44. Ne3+ Ke4 45. Nd1 b5 46. Kg5 a5 47. h5 Kd3 48. h6 b4 49. axb4 Ke2 50. Nb2 a4 51. h7 a3 52. h8Q axb2 53. Qxb2 Ke1 54. Qxd2+ 1-0

[Event "Efremov Pechenov Memorial"]
[Site "Efremov"]
[Date "2017.04.25"]
[Round "6"]
[White "Aghasiyev, Kamal"]
[Black "Baladjaev, Gara"]
[Result "1-0"]
[WhiteElo "2411"]
[BlackElo "1968"]
[PlyCount "65"]
[EventDate "2017.04.22"]
[EventType "tourn"]
[EventRounds "13"]
[EventCountry "RUS"]
[EventCategory "2"]
[SourceTitle "CBM 178 Extra"]
[Source "ChessBase"]
[SourceDate "2017.06.22"]
[SourceVersion "1"]
[SourceVersionDate "2017.06.22"]
[SourceQuality "1"]

1. e4 e5 2. Nf3 Nc6 3. Bb5 a6 4. Ba4 Nf6 5. 0-0 d6 6. d4 Bd7 7. Re1 Be7 8. Bxc6 Bxc6 9. Nc3 exd4 10. Nxd4 Bd7 11. Bg5 0-0 12. Qf3 h6 13. Bh4 Bg4 14. Qd3 Re8 15. h3 Bd7 16. Nf5 Bxf5 17. exf5 Nd7 18. Rxe7 Rxe7 19. Nd5 f6 20. Nxe7+ Qxe7 21. Qd5+ Kh7 22. Qxb7 Qd8 23. b3 Nc5 24. Qc6 Rb8 25. Re1 Rb6 26. Qf3 d5 27. Qh5 Rb8 28. Qf7 Ne4 29. f3 Nd6 30. Qxd5 Rb5 31. Qd3 Qa8 32. c4 Rxf5 33. Bg3 1-0

[Event "Efremov Pechenov Memorial"]
[Site "Efremov"]
[Date "2017.04.24"]
[Round "5"]
[White "Baladjaev, Gara"]
[Black "Smirnov, Alexander"]
[Result "0-1"]
[WhiteElo "1968"]
[BlackElo "2396"]
[PlyCount "82"]
[EventDate "2017.04.22"]
[EventType "tourn"]
[EventRounds "13"]
[EventCountry "RUS"]
[EventCategory "2"]
[SourceTitle "CBM 178 Extra"]
[Source "ChessBase"]
[SourceDate "2017.06.22"]
[SourceVersion "1"]
[SourceVersionDate "2017.06.22"]
[SourceQuality "1"]

1. d4 d5 2. c4 Nc6 3. Nf3 Bg4 4. cxd5 Bxf3 5. dxc6 Bxc6 6. Nc3 e6 7. Bf4 Nf6 8. e3 Bd6 9. Bg3 Ne4 10. Bxd6 Qxd6 11. f3 Nxc3 12. bxc3 0-0-0 13. Bc4 e5 14. 0-0 f5 15. Qb3 f4 16. dxe5 Qxe5 17. e4 Rd2 18. Rfd1 Rhd8 19. Rxd2 Rxd2 20. Be6+ Kb8 21. Bh3 a5 22. Rd1 Qc5+ 23. Kh1 Qxc3 24. Rxd2 Qxd2 25. Qb1 b5 26. Be6 b4 27. h3 g5 28. Qa1 Qd6 29. Qh8+ Ka7 30. Bg8 h6 31. e5 Qd4 32. Qf6 Kb7 33. Qf5 a4 34. Qe6 h5 35. Qf5 g4 36. hxg4 hxg4 37. Qxg4 Qxe5 38. Be6 b3 39. axb3 a3 40. b4 Bd7 41. Bxd7 a2 0-1

[Event "Efremov Pechenov Memorial"]
[Site "Efremov"]
[Date "2017.04.23"]
[Round "3"]
[White "Huseynsoy, Huseyn"]
[Black "Baladjaev, Gara"]
[Result "0-1"]
[WhiteElo "2163"]
[BlackElo "1968"]
[PlyCount "80"]
[EventDate "2017.04.22"]
[EventType "tourn"]
[EventRounds "13"]
[EventCountry "RUS"]
[EventCategory "2"]
[SourceTitle "CBM 178 Extra"]
[Source "ChessBase"]
[SourceDate "2017.06.22"]
[SourceVersion "1"]
[SourceVersionDate "2017.06.22"]
[SourceQuality "1"]

1. e4 e6 2. d4 d5 3. Nd2 c5 4. exd5 exd5 5. Bb5+ Nc6 6. Qe2+ Be6 7. Ngf3 c4 8. 0-0 h6 9. Ne5 Rc8 10. Re1 Nge7 11. c3 g6 12. b3 Bg7 13. Bxc6+ bxc6 14. bxc4 0-0 15. c5 Qa5 16. c4 Bxe5 17. Qxe5 Qc3 18. Rb1 Nf5 19. Nf3 Rce8 20. Bd2 Qxc4 21. g4 f6 22. Qe2 Nxd4 23. Nxd4 Qxd4 24. Bxh6 Rf7 25. Be3 Qxg4+ 26. Qxg4 Bxg4 27. Kg2 Bf5 28. Rb4 Re4 29. Rxe4 Bxe4+ 30. Kg3 Rb7 31. Bd4 Kf7 32. f3 Bf5 33. Re2 Rb4 34. Bf2 d4 35. Rd2 d3 36. Be3 Ke6 37. Bf4 Kd5 38. Bd6 Kc4 39. Kf2 Kc3 40. Ke3 Rb1 0-1

[Event "Efremov Pechenov Memorial"]
[Site "Efremov"]
[Date "2017.04.22"]
[Round "1"]
[White "Biriukov, Alexander"]
[Black "Baladjaev, Gara"]
[Result "0-1"]
[WhiteElo "2218"]
[BlackElo "1968"]
[PlyCount "46"]
[EventDate "2017.04.22"]
[EventType "tourn"]
[EventRounds "13"]
[EventCountry "RUS"]
[EventCategory "2"]
[SourceTitle "CBM 178 Extra"]
[Source "ChessBase"]
[SourceDate "2017.06.22"]
[SourceVersion "1"]
[SourceVersionDate "2017.06.22"]
[SourceQuality "1"]

1. d4 Nf6 2. c4 d6 3. Nc3 Nbd7 4. e4 e5 5. Nge2 Be7 6. f3 0-0 7. Be3 c6 8. Ng3 d5 9. cxd5 cxd5 10. Qd2 exd4 11. Qxd4 dxe4 12. Ngxe4 Nxe4 13. Nxe4 Nf6 14. Qa4 Nxe4 15. Qxe4 Re8 16. Rd1 Bd7 17. Qd4 Bg5 18. Rd3 Rc8 19. Kf2 Rc2+ 20. Kg1 Rxe3 21. Rxe3 Bxe3+ 22. Qxe3 Rxb2 23. Qa3 Qb6+ 0-1

[Event "Baku President's Cup 2nd"]
[Site "Baku"]
[Date "2007.05.05"]
[Round "3"]
[White "Magalashvili, Davit"]
[Black "Baladjaev, Gara"]
[Result "1-0"]
[WhiteElo "2474"]
[BlackElo "2158"]
[PlyCount "87"]
[EventDate "2007.05.03"]
[EventType "swiss"]
[EventRounds "9"]
[EventCountry "AZE"]
[SourceTitle "CBM 118 Extra"]
[Source "ChessBase"]
[SourceDate "2007.07.04"]
[SourceVersion "1"]
[SourceVersionDate "2007.07.04"]
[SourceQuality "1"]

1. Nf3 Nf6 2. c4 g6 3. Nc3 Bg7 4. e4 d6 5. d4 0-0 6. Be2 e5 7. 0-0 Nc6 8. d5 Ne7 9. Rb1 a5 10. a3 Ne8 11. b4 axb4 12. axb4 h6 13. c5 f5 14. Nd2 Nf6 15. Nc4 Nxe4 16. Nxe4 fxe4 17. cxd6 cxd6 18. b5 Nf5 19. Ba3 Rf6 20. Bg4 Bf8 21. Re1 h5 22. Bh3 Nd4 23. Bxc8 Rxc8 24. Qa4 Ra8 25. Qd1 Qc7 26. Rb4 Nxb5 27. Rxb5 Qxc4 28. Rb3 Ra5 29. Qb1 Rxd5 30. Bc1 Rd3 31. Rxb7 d5 32. Rb8 Kg7 33. Be3 d4 34. Bg5 Rf5 35. Qb7+ Rf7 36. Qxe4 Rf5 37. Rb7+ Kg8 38. h4 Rc3 39. Rb6 Qf7 40. Ra1 Rb3 41. Rba6 Rc3 42. Rb1 Kg7 43. Rb7 Rc7 44. Raa7 1-0